Statistics for July Happenings Quiz

Click here to take the quiz!

General Stats

  • This quiz has been taken 11,660 times
    (5,695 since last reset)
  • The average score is 20 of 31

Answer Stats

Date Year Clue Answer % Correct
July 41776This country declares its independence from Great BritainUnited States
97%
July 281914This war beginsWorld War I
89%
July 181955This theme park opens in Anaheim, CaliforniaDisneyland
85%
July 21937This aviatrix goes missing over the Pacific OceanAmelia Earhart
85%
July 141789Citizens of Paris storm this prisonLa Bastille
84%
July 201969People walk here for the first timeThe Moon
83%
July 72005Terrorists attack underground trains in this cityLondon
83%
July 1964This emperor allegedly fiddles while Rome burnsNero
81%
July 31863This battle, the bloodiest of the U.S. Civil War, comes to an endGettysburg
79%
July 81994This Korean leader diesKim Il-Sung
77%
July 92011This country becomes independentSouth Sudan
72%
July 232011This British singer dies of alcohol poisoningAmy Winehouse
71%
July 261952This Argentinian first lady dies at age 33Eva Peron
70%
July 151099This city is conquered by crusadersJerusalem
70%
July 121561St. Basil's cathedral is consecrated in this cityMoscow
66%
July 211970The Aswan Dam is completed in this countryEgypt
65%
July 241847Brigham Young establishes this citySalt Lake City
65%
July 271890This tortured artist shoots himselfVincent Van Gogh
63%
July 171936Civil War erupts in this countrySpain
62%
July 51687This scientist publishes "Principia Mathematica"Isaac Newton
62%
July 131977This city experiences social unrest following a blackoutNew York City
61%
July 221992This drug lord escapes from his luxury prison near MedellínPablo Escobar
57%
July 111804This duelist is fatally wounded by Aaron BurrAlexander Hamilton
54%
July 11867This country is foundedCanada
52%
July 61189This English king is crownedRichard I
52%
July 251965This singer dismays fans by playing electric music
at the Newport Folk Festival
Bob Dylan
46%
July 311970The British Navy discontinues daily rations of this substanceRum
45%
July 301975This union leader disappears near DetroitJimmy Hoffa
41%
July 101925The Scopes "monkey trial" begins in this U.S. stateTennessee
34%
July 291968This is banned by Pope Paul VIArtificial Birth Control
33%
July 16662The first day on this calendarIslamic Calendar
29%

Score Distribution

Percentile by Number Answered

Percent of People with Each Score

Your Score History

You have not taken this quiz since the last reset